000 00312nam a22001217a 4500
008 230626b xxu||||| |||| 00| 0 eng d
082 _a331
_bROK
100 _cRepublic of Kenya
245 _aReport of the Salaries Review Commission 1967
260 _bRepublic of Kenya
_c1967
300 _a138p
942 _2ddc
_cBK
999 _c2602
_d2602